000 00589nam a2200229Ia 4500
003 OSt
005 20220923230754.0
006 a|||||r|||| 00| 0
007 ta
008 Pun
024 _a305,448
037 _cTextual
040 _aARTS
_cARTS
_bPun
041 _2Pun
_aPun
082 _aQ8441:21xI69(NR), 153K1.1
100 _aਗਿਆਨ ਸਿੰਘ
245 0 _aਗੁਰਬਾਣੀ ਸੰਗੀਤ
260 _c1961
650 _aਧਰਮ
942 _hQ8441:21xI69(NR), 153K1.1
_cTEXL
_2CC
999 _c387240
_d387240